000 00937cam a22002651 4500
001 8236
003 BD-RjUL
005 20211208234540.0
008 140118m19331933enka 000 0 eng
035 _a(BD-RjUL)8281
040 _aDLC
_cBD-RjUL
_dBD-RjUL
_dDLC
_beng
041 1 _aeng
082 _a530
_bGRT 1949
100 1 _aGrimsehl, Ernst,
_d1861-1914.
_925646
245 1 2 _aA textbook of physics /
_cby E. Grimsehl edited by R. Tomaschek ; authorized translation from the seventh German edition by L. A. Woodward ...
_nVol. IV:
_pOPTICS.
260 _aLondon ;
_aGlasgow ;
_bBlackie & Son limited,
_c1932-
300 _axii, 301p. :
_bill.;
_c23 cm.
504 _aIncludes bibliographical references and indez.
650 0 _aPhysics.
_925647
700 1 _aTomaschek, Rudolf,
_d1895-
_eed.
_925648
700 1 _aWoodward, L. A.
_q(Leonard Ary),
_etr.
_925651
942 _2ddc
_cBK
999 _c8236
_d8236